Quiz sur Napoléon Ier (Partie 1) - Statistiques

Statistiques générales
  • Ce quiz a été pris 85 fois
  • Le résultat moyen est 7 sur 10
Statistiques - réponses
Question Réponse % Correct
Quand Napoléon Ier se fit-il couronner Empereur de tous les Français ? Le 02 décembre 1804
92%
Quelle bataille aura lieu lors du premier anniversaire du couronnement de Napoléon Ier ? La bataille d'Austerlitz
85%
Quand Napoléon Ier est-il né ? Le 15 août 1769
85%
Dans quelle bataille son talent de stratège et son génie dans l'artillerie furent-ils révélés ? Le siège de Toulon
77%
Que devient Napoléon par la suite ? Consul
69%
Quand Napoléon fit-il un coup d'État qui mettra fin à la Révolution française ? Le 9 novembre 1799
69%
Que crée Napoléon le 21 mai 1804 ? Le code civil
69%
Quel homme politique anglais va organiser la 3e coalition contre Napoléon Ier ? Pitt le Jeune
46%
Qui était le père de Napoléon ? Un résistant contre l'occupation française en Corse
38%
Avant d'être dans l'armée, que voulait être Napoléon ? Marin
31%
Aucun quiz correspondant
Distribution des résultats
% des personnes avec chaque résultat
Percentile par nombre de réponses
Votre historique - résultats
Vous n’avez pas pris ce quiz